Champions League Topscorer 2006/07 - Statistiken

Allgemein
  • Dieses Quiz wurde 48 mal gespielt
  • Das Durchschnittsergebnis liegt bei 11 aus 25
Antwortstatistiken
Rang Nation Verein Tore Antwort % Korrekt
2 Elfenbeinküste Chelsea 6 Didier Drogba
100%
1 Brasilien AC Milan 10 Kaka
90%
2 Niederlande Real Madrid 6 Ruud van Nistelrooy
90%
7 Peru Bayern München 4 Claudio Pizarro
83%
14 Portugal Manchester United 3 Cristiano Ronaldo
80%
6 Spanien Real Madrid 5 Raul
78%
7 Italien AS Roma 4 Francesco Totti
75%
14 England Liverpool 3 Steven Gerrard
70%
14 Ukraine Chelsea 3 Andriy Shevchenko
68%
7 Spanien Valencia 4 David Villa
68%
7 Italien AC Milan 4 Filippo Inzaghi
68%
14 Niederlande Hamburger SV 3 Rafael van der Vaart
63%
7 England Manchester United 4 Wayne Rooney
45%
2 Spanien Valencia 6 Morientes
28%
14 Island Barcelona 3 Eidur Gudjohnson
25%
2 England Liverpool 6 Peter Crouch
20%
14 Argentinien FC Porto 3 Lisandro Lopez
13%
14 Argentinien Inter 3 Julio Cruz
10%
7 Frankreich Manchester United 4 Louis Saha
8%
14 Spanien Liverpool 3 Luis Garcia
8%
14 Argentinien FC Porto 3 Lucho Gonzales
3%
14 Mexiko Olympiakos Piräus 3 Nery Castillo
3%
7 Rumänien Steaua Bucuresti 4 Nicolae Dica
3%
14 Schottland Celtic 3 Kenny Miller
0%
14 Schweden Kobenhavn 3 Marcus Allbäck
0%
Keine übereinstimmenden Quizze gefunden
Verteilung der Resultate
Anzahl Personen mit jedem Resultat
Perzentil nach korrekt beantworteten Fragen
Ihre Resultats-Entwicklung
Sie haben dieses Quiz noch nicht gespielt